Fiscal Implications of the Global Economic and Financial Crisis/ (Record no. 13631)
[ view plain ]
| 000 -LEADER | |
|---|---|
| fixed length control field | 01030nam a22002177a 4500 |
| 008 - FIXED-LENGTH DATA ELEMENTS--GENERAL INFORMATION | |
| fixed length control field | 100311s2009 wau|||||r|||| 000 0 eng d |
| 020 ## - INTERNATIONAL STANDARD BOOK NUMBER | |
| International Standard Book Number | 9781589068506 |
| 082 ## - DEWEY DECIMAL CLASSIFICATION NUMBER | |
| Edition number | 22 |
| Classification number | 336.3 |
| Item number | FIS |
| 245 ## - TITLE STATEMENT | |
| Title | Fiscal Implications of the Global Economic and Financial Crisis/ |
| Statement of responsibility, etc | By a StaffTeam from the fiscal Affairs Department |
| 260 ## - PUBLICATION, DISTRIBUTION, ETC. (IMPRINT) | |
| Place of publication, distribution, etc | Washington, D.C. : |
| Name of publisher, distributor, etc | International Monetary Fund, 2009. |
| Date of publication, distribution, etc | 2009 |
| 300 ## - PHYSICAL DESCRIPTION | |
| Extent | 85 p.: |
| Other physical details | ill.; |
| Dimensions | 28 cm. |
| 490 ## - Series Statement | |
| Series statement | Occasional paper (International Monetary Fund), no. 269 |
| 504 ## - BIBLIOGRAPHY, ETC. NOTE | |
| Bibliography, etc | Includes bibliographical references(p.81-83) |
| 650 ## - SUBJECT ADDED ENTRY--TOPICAL TERM | |
| 9 (RLIN) | 12472 |
| Topical term or geographic name as entry element | Economic stabilization |
| 650 ## - SUBJECT ADDED ENTRY--TOPICAL TERM | |
| 9 (RLIN) | 12471 |
| Topical term or geographic name as entry element | Fiscal policy |
| 650 ## - SUBJECT ADDED ENTRY--TOPICAL TERM | |
| 9 (RLIN) | 12473 |
| Topical term or geographic name as entry element | Global Financial Crisis, 2008-2009. |
| 650 ## - SUBJECT ADDED ENTRY--TOPICAL TERM | |
| 9 (RLIN) | 12474 |
| Topical term or geographic name as entry element | Finance, Public. |
| 710 ## - ADDED ENTRY--CORPORATE NAME | |
| 9 (RLIN) | 12475 |
| Corporate name or jurisdiction name as entry element | International Monetary Fund. |
| Subordinate unit | Fiscal Affairs Dept. |
| 942 ## - ADDED ENTRY ELEMENTS (KOHA) | |
| Source of classification or shelving scheme | Dewey Decimal Classification |
| Item type | Book - Borrowing |
| Withdrawn status | Item status | Source of classification or shelving scheme | Damaged status | Not for loan | Vendor | Home library | Current library | Shelving location | Date acquired | Source of acquisition | Cost, normal purchase price | Serial Enumeration / chronology | Total Checkouts | Full call number | Barcode | Date last seen | Date last borrowed | Koha item type |
|---|---|---|---|---|---|---|---|---|---|---|---|---|---|---|---|---|---|---|
| Dewey Decimal Classification | MERIC | Central Library | Central Library | First floor | 11/03/2010 | 277.50 | 10029 | 3 | 336.3 FIS | 000020148 | 15/07/2025 | 04/10/2015 | Book - Borrowing |